000 00432 a2200145 4500
020 _a9780439887892 (pbk.)
020 _a0439887895 (pbk.)
041 _aspa
100 _aMuth, John J.
245 _aCuentos zen / por Jon J Muth.
260 _a New York : Scholastic Inc., 2006, c2005.
300 _a1 volume (unpaged) : color illustrations ;
_c29 cm
500 _aOriginally published in English as: Zen shorts.
942 _cBK
999 _c10836
_d10836